000 00798nam a2200289Ia 4500
005 20260324115547.0
008 008 260324s9999 xx 000 0 eng d
020 _a9780138748326
037 _aEBOOK
040 _aCRL
040 _beng
040 _cCRL
041 _2eng
041 _aeng
084 _qCRL
100 _aJeremiah Kipkulei Kiptala
_91155135
245 0 _aManaging Basin Interdependencies in a Heterogeneous, Highly Utilized and Data Scarce River Basin in Semi-Arid Africa
245 4 _bThe Case of the Pangani River Basin, Eastern Africa
260 _bTaylor and Francis
260 _c2017
365 _a
365 _b355
856 _uhttp://www.taylorfrancis.com/books/9780138748326
942 _cEBOOK
999 _c1746098
_d1746098